Globalizácia svetovej ekonomiky a jej subjekty
Gespeichert in:
| 1. Verfasser: | |
|---|---|
| Körperschaft: | |
| Format: | Buch |
| Sprache: | Slowakisch |
| Veröffentlicht: |
Bratislava
Vydavateľstvo EKONÓM
2001
|
| Schlagworte: | |
| Tags: |
Keine Tags, Fügen Sie das erste Tag hinzu!
|
MARC
| LEADER | 00000nam a2200000 4500 | ||
|---|---|---|---|
| 001 | c124024 | ||
| 005 | 20221124101416.2 | ||
| 020 | |a 80-225-1360-1 | ||
| 041 | 0 | |a slo | |
| 044 | |a SK | ||
| 245 | 1 | 0 | |a Globalizácia svetovej ekonomiky a jej subjekty |c Mária Melišová |
| 264 | 1 | |a Bratislava |b Vydavateľstvo EKONÓM |c 2001 | |
| 300 | |a 91 s. | ||
| 610 | 2 | 0 | |a globalizácia |
| 610 | 2 | 0 | |a globalizácia hospodárstva |
| 610 | 2 | 0 | |a hospodárstvo svetové |
| 610 | 2 | 0 | |a vývoj |
| 610 | 2 | 0 | |a korporácie transnacionálne |
| 610 | 2 | 0 | |a organizácie medzinárodné |
| 610 | 2 | 0 | |a krajiny rozvojové |
| 610 | 2 | 0 | |a zaostalosť hospodárska |
| 610 | 2 | 0 | |a vzťahy hospodárske medzinárodné |
| 100 | 1 | |a Melišová, Mária | |
| 710 | 2 | |a Ekonomická univerzita v Bratislave. Národohospodárska fakulta | |